<?xml version="1.0" encoding="UTF-8"?>
<record
    xmlns:xsi="http://www.w3.org/2001/XMLSchema-instance"
    xsi:schemaLocation="http://www.loc.gov/MARC21/slim http://www.loc.gov/standards/marcxml/schema/MARC21slim.xsd"
    xmlns="http://www.loc.gov/MARC21/slim">

  <leader>00452nam a22001817a 4500</leader>
  <controlfield tag="003">OSt</controlfield>
  <controlfield tag="008">250204b        |||||||| |||| 00| 0 eng d</controlfield>
  <datafield tag="020" ind1=" " ind2=" ">
    <subfield code="a">9789386700220</subfield>
  </datafield>
  <datafield tag="082" ind1=" " ind2=" ">
    <subfield code="a">611 MAT</subfield>
  </datafield>
  <datafield tag="100" ind1=" " ind2=" ">
    <subfield code="a">Mandlik, Deepa.S</subfield>
  </datafield>
  <datafield tag="245" ind1=" " ind2=" ">
    <subfield code="a">Human Anatomy and Physiology-I</subfield>
  </datafield>
  <datafield tag="250" ind1=" " ind2=" ">
    <subfield code="a">12th</subfield>
  </datafield>
  <datafield tag="260" ind1=" " ind2=" ">
    <subfield code="a">N.Delhi</subfield>
    <subfield code="b">Narali Pub.</subfield>
    <subfield code="c">2024</subfield>
  </datafield>
  <datafield tag="300" ind1=" " ind2=" ">
    <subfield code="a">11.26,vp</subfield>
  </datafield>
  <datafield tag="650" ind1=" " ind2=" ">
    <subfield code="a">Human Anatomy and Physiology-I</subfield>
  </datafield>
  <datafield tag="700" ind1=" " ind2=" ">
    <subfield code="a">Mandlik, Satish.K</subfield>
  </datafield>
  <datafield tag="942" ind1=" " ind2=" ">
    <subfield code="2">ddc</subfield>
    <subfield code="c">BK</subfield>
  </datafield>
  <datafield tag="999" ind1=" " ind2=" ">
    <subfield code="c">13063</subfield>
    <subfield code="d">13063</subfield>
  </datafield>
  <datafield tag="952" ind1=" " ind2=" ">
    <subfield code="0">0</subfield>
    <subfield code="1">0</subfield>
    <subfield code="2">ddc</subfield>
    <subfield code="4">0</subfield>
    <subfield code="7">0</subfield>
    <subfield code="8">BP</subfield>
    <subfield code="a">PIET</subfield>
    <subfield code="b">PIET</subfield>
    <subfield code="d">2025-01-23</subfield>
    <subfield code="e">Zafaa Books Distributres</subfield>
    <subfield code="f">In Rupees</subfield>
    <subfield code="g">290.00</subfield>
    <subfield code="k">ZBDO449</subfield>
    <subfield code="l">0</subfield>
    <subfield code="o">611 MAT</subfield>
    <subfield code="p">BP2611</subfield>
    <subfield code="r">2025-02-04 00:00:00</subfield>
    <subfield code="v">217.50</subfield>
    <subfield code="w">2025-01-22</subfield>
    <subfield code="y">REF</subfield>
  </datafield>
  <datafield tag="952" ind1=" " ind2=" ">
    <subfield code="0">0</subfield>
    <subfield code="1">0</subfield>
    <subfield code="2">ddc</subfield>
    <subfield code="4">0</subfield>
    <subfield code="7">0</subfield>
    <subfield code="8">BP</subfield>
    <subfield code="a">PIET</subfield>
    <subfield code="b">PIET</subfield>
    <subfield code="d">2025-01-23</subfield>
    <subfield code="e">Zafaa Books Distributres</subfield>
    <subfield code="f">In Rupees</subfield>
    <subfield code="g">290.00</subfield>
    <subfield code="k">ZBDO449</subfield>
    <subfield code="l">3</subfield>
    <subfield code="o">611 MAT</subfield>
    <subfield code="p">BP2612</subfield>
    <subfield code="r">2026-04-30 14:11:28</subfield>
    <subfield code="s">2025-08-27</subfield>
    <subfield code="v">217.50</subfield>
    <subfield code="w">2025-01-22</subfield>
    <subfield code="y">BK</subfield>
  </datafield>
  <datafield tag="952" ind1=" " ind2=" ">
    <subfield code="0">0</subfield>
    <subfield code="1">0</subfield>
    <subfield code="2">ddc</subfield>
    <subfield code="4">0</subfield>
    <subfield code="7">0</subfield>
    <subfield code="8">BP</subfield>
    <subfield code="a">PIET</subfield>
    <subfield code="b">PIET</subfield>
    <subfield code="d">2025-01-23</subfield>
    <subfield code="e">Zafaa Books Distributres</subfield>
    <subfield code="f">In Rupees</subfield>
    <subfield code="g">290.00</subfield>
    <subfield code="k">ZBDO449</subfield>
    <subfield code="l">6</subfield>
    <subfield code="o">611 MAT</subfield>
    <subfield code="p">BP2613</subfield>
    <subfield code="r">2026-02-02 00:00:00</subfield>
    <subfield code="s">2026-01-27</subfield>
    <subfield code="v">217.50</subfield>
    <subfield code="w">2025-01-22</subfield>
    <subfield code="y">BK</subfield>
  </datafield>
</record>
